LIBRARY & INFORMATION CENTRE, KCAET, TAVANUR

ONLINE PUBLIC ACCESS CATALOGUE (OPAC)

Lakes: water and sediment Geochemistry (Record no. 13698)

MARC details
000 -LEADER
fixed length control field 00306nam a22001217a 4500
020 ## - INTERNATIONAL STANDARD BOOK NUMBER
ISBN 9788189304546
082 ## - DEWEY DECIMAL CLASSIFICATION NUMBER
Classification number 551.9
Item number DAS/LA
100 ## - MAIN ENTRY--AUTHOR NAME
Personal name Das, Brijraj Krishna
245 ## - TITLE STATEMENT
Title Lakes: water and sediment Geochemistry
260 ## - PUBLICATION, DISTRIBUTION, ETC. (IMPRINT)
Place of publication Delhi
Name of publisher Satish Serial Publishing House
Year of publication 2008
300 ## - PHYSICAL DESCRIPTION
Number of Pages 216
942 ## - ADDED ENTRY ELEMENTS (KOHA)
Koha item type Books
Holdings
Withdrawn status Lost status Damaged status Collection code Home library Current library Shelving location Date acquired Source of acquisition Cost, normal purchase price Full call number Accession Number Koha item type
      Non-fiction KAUAET KAUAET General Stacks 31/03/2012 Universal Research Books, Thrissur 1995.00 551.9 DAS/LA 23354 Books
free website counter